Essentials of polymer science and engineering / (Record no. 23172)
[ view plain ]
| 000 -LEADER | |
|---|---|
| fixed length control field | 01355cam a22002895a 4500 |
| 001 - CONTROL NUMBER | |
| control field | ocn221167112 |
| 003 - CONTROL NUMBER IDENTIFIER | |
| control field | OSt |
| 005 - DATE AND TIME OF LATEST TRANSACTION | |
| control field | 20161116153344.0 |
| 008 - FIXED-LENGTH DATA ELEMENTS--GENERAL INFORMATION | |
| fixed length control field | 080407t2009 enka frb 001 0 eng d |
| 020 ## - INTERNATIONAL STANDARD BOOK NUMBER | |
| International Standard Book Number | 9781932078756 |
| 020 ## - INTERNATIONAL STANDARD BOOK NUMBER | |
| International Standard Book Number | 1932078754 |
| 040 ## - CATALOGING SOURCE | |
| Original cataloging agency | BTCTA |
| Transcribing agency | BTCTA |
| Modifying agency | BAKER |
| -- | RVE |
| -- | AU@ |
| -- | YDXCP |
| -- | FDA |
| -- | EG-ScBUE |
| Language of cataloging | eng |
| 082 04 - DEWEY DECIMAL CLASSIFICATION NUMBER | |
| Classification number | 620.192 |
| Edition number | 22 |
| Item number | PAI |
| 100 1# - MAIN ENTRY--PERSONAL NAME | |
| Personal name | Painter, Paul C. |
| 9 (RLIN) | 38578 |
| 245 10 - TITLE STATEMENT | |
| Title | Essentials of polymer science and engineering / |
| Statement of responsibility, etc | Paul C. Painter, Michael M. Coleman. |
| 260 ## - PUBLICATION, DISTRIBUTION, ETC. (IMPRINT) | |
| Place of publication, distribution, etc | Lancaster : |
| Name of publisher, distributor, etc | DEStech Publications, Inc., |
| Date of publication, distribution, etc | c.2009. |
| 300 ## - PHYSICAL DESCRIPTION | |
| Extent | xvii, 525 p. : |
| Other physical details | ill. ; |
| Dimensions | 27 cm. |
| 500 ## - GENERAL NOTE | |
| General note | Index : p. 517-525. |
| 504 ## - BIBLIOGRAPHY, ETC. NOTE | |
| Bibliography, etc | Includes bibliographical references. |
| 505 2# - FORMATTED CONTENTS NOTE | |
| Formatted contents note | Introduction -- Microstructure and molecular weight -- Polymer synthesis -- Polymerization kinetics -- Polymerization : probability and statistics -- Copolymerization -- Spectroscopy and the characterization of chain microstructure -- Structure and morphology -- Natural polymers -- Crystallization, melting and the glass transition -- Polymer solutions and blends -- Molecular weight and branching -- Mechanical and rheological properties -- Processing. |
| 650 #7 - SUBJECT ADDED ENTRY--TOPICAL TERM | |
| Topical term or geographic name as entry element | polymers. |
| Source of heading or term | BUEsh |
| 9 (RLIN) | 5875 |
| 650 #7 - SUBJECT ADDED ENTRY--TOPICAL TERM | |
| Topical term or geographic name as entry element | Polymerization. |
| Source of heading or term | BUEsh |
| 9 (RLIN) | 6762 |
| 651 ## - SUBJECT ADDED ENTRY--GEOGRAPHIC NAME | |
| Source of heading or term | BUEsh |
| 653 ## - INDEX TERM--UNCONTROLLED | |
| Resource For college | Engineering, Chemical |
| Arrived date list | November2016 |
| 700 1# - ADDED ENTRY--PERSONAL NAME | |
| Personal name | Coleman, Michael M. |
| 942 ## - ADDED ENTRY ELEMENTS (KOHA) | |
| Source of classification or shelving scheme | Dewey Decimal Classification |
| Withdrawn status | Item status | Source of classification or shelving scheme | Damaged status | Not for loan | Vendor | Home library | Current library | Shelving location | Date acquired | Source of acquisition | Cost, normal purchase price | Serial Enumeration / chronology | Total Checkouts | Total Renewals | Full call number | Barcode | Date last seen | Date last borrowed | Cost, replacement price | Koha item type |
|---|---|---|---|---|---|---|---|---|---|---|---|---|---|---|---|---|---|---|---|---|
| Dewey Decimal Classification | Baccah | Central Library | Central Library | First floor | 16/11/2016 | Purchase | 1700.00 | 23587 | 1 | 4 | 620.192 PAI | 000034897 | 15/07/2025 | 06/11/2017 | 2125.00 | Book - Borrowing |